000 00660nam a2200265Ia 4500
005 20260121170433.0
008 008 260114s9999 xx 000 0 eng d
020 _a9783319753737
037 _aEBOOK
040 _aCRL
040 _beng
040 _cCRL
041 _2eng
041 _aeng
084 _qCRL
100 _aRogelio Daniel Acevedo, Jesús Martínez Frías
_91063877
245 0 _aGeoethics In Latin America
260 _bSpringer
260 _bSpringer
260 _c2018
856 _uhttps://link.springer.com/openurl?genre=book&isbn=978-3-319-75373-7
942 _cEBOOK
999 _c1629606
_d1629606